000 00673nam a2200205Ia 4500
003 IN-BaIIA
008 211028s9999 xx 000 0 eng d
040 _cIIA Library
080 _a083.7:628.352.001.3
_bISI
110 _aIndian Standards Institution
245 0 _aIndian standard code of practice for design and construction of septic tanks
_bpt. 1, small installations
_cIndian Standards Institution
260 _aNew Delhi
_bIndian Standards Institution
_c1969
300 _a24p.
500 _aIS 2470 : Part 1 : 1968
650 _a Septic Tanks
_98862
650 _a Sewage Works 
_98863
650 _a Standards 
650 _aNASA Thesaurus 
942 _cBK
999 _c4958
_d4958